| LEADER | 00760nam a2200169 4500 | ||
|---|---|---|---|
| 999 | |c 16054 |d 16054 | ||
| 082 | |a 398.87 |b L119Q | ||
| 100 | |a Lâm Quý | ||
| 245 | |a Xịnh ca Cao Lan |c Lâm Quý |b = Đêm hát thứ nhất: Song ngữ Việt-Cao Lan | ||
| 260 | |a H. |b Hội nhà văn |c 2018 | ||
| 300 | |a 282tr. |c 21cm. | ||
| 500 | |a Đầu trang tên sách ghi: Liên hiệp các hội văn học nghệ thuật Việt Nam. Hội Văn học nghệ thuật các dân tộc thiểu số Việt Nam | ||
| 520 | |a .... | ||
| 653 | |a Văn hóa dân gian |a Dân tộc Cao Lan |a Bài hát |a Việt Nam | ||
| 856 | |u . | ||
| 942 | |2 ddc |c SH | ||
| 952 | |0 0 |1 0 |2 ddc |4 0 |6 398_870000000000000_L119Q |7 0 |8 300 |9 118314 |a qbu |b qbu |c D2 |d 2020-06-17 |g 35000 |o 398.87 L119Q |p 12969.c1 |r 2020-06-17 |w 2020-06-17 |y SH | ||